00711nam a2200241 a 4500001001300000003000900013005001700022008004100039020000900080082001700089100002200106245006000128260002500188300000900213500003500222505001000257650002900267700002200296902000800318942000700326952012100333999001500454nice12345678IN_TiNIC20260116012312.0050524s1986 dela grp 000 0 eng  ac2500a230.082bGNA aGnanadason, Aruna aTowards a Theology of Humanhoodb Women`s Perspectives. aDelhi bISPCK c1986 a156p aincludes index and biblioraphy2 aindex aWomen-Christian Theology1 aGnanadason, Aruna bSRS cBK 00104070aHMIbHMId2007-06-13g25.00l2o230.082 GNAp013332q2026-02-24r2026-02-10s2026-02-10w2026-01-16yEB c6466d6466